000 00296nam a22001337a 4500
008 181018b xxu||||| |||| 00| 0 eng d
020 _a9781593761134`
041 _aeng
080 _a941
100 _a16
101 _aHIS
245 _aFear A Culturar History
_cBourke.J
942 _2udc
_cBK
999 _c50106
_d50106